How to outwit Aristotle : and 34 other really interesting uses of philosophy
| Main Author: | |
|---|---|
| Format: | Book |
| Published: |
London :
Quercus ,
2012
|
| Subjects: |
MARC
| LEADER | 00000cam a2200000 7i4500 | ||
|---|---|---|---|
| 001 | 0000171720 | ||
| 005 | 20131024.0 | ||
| 020 | |a 9780857388322 | ||
| 090 | 0 | 0 | |a 100 |b CAV |
| 100 | 1 | |a Cave, Peter | |
| 245 | 1 | 0 | |a How to outwit Aristotle : |b and 34 other really interesting uses of philosophy |c Peter Cave |
| 260 | |a London : |b Quercus , |c 2012 | ||
| 300 | |a 378p. ; |c 20cm. | ||
| 650 | 0 | 0 | |a Philosophy |x Miscellanea |
| 999 | |a 00274703 |b BUKU |c PINJAMAN |e PERPUSTAKAAN KOMUNITI PETALING JAYA | ||